header

Type on screen : (Record no. 60459)

MARC details
000 -LEADER
fixed length control field 01861nam a2200409 i 4500
001 - CONTROL NUMBER
control field ebr10925409
003 - CONTROL NUMBER IDENTIFIER
control field CaPaEBR
006 - FIXED-LENGTH DATA ELEMENTS--ADDITIONAL MATERIAL CHARACTERISTICS--GENERAL INFORMATION
fixed length control field m o d
007 - PHYSICAL DESCRIPTION FIXED FIELD--GENERAL INFORMATION
fixed length control field cr cn|||||||||
008 - FIXED-LENGTH DATA ELEMENTS--GENERAL INFORMATION
fixed length control field 140913t20142014nyuao o 001 0 eng d
020 ## - INTERNATIONAL STANDARD BOOK NUMBER
Cancelled/invalid ISBN 9781616891701
International Standard Book Number 9781616893460 (e-book)
040 ## - CATALOGING SOURCE
Original cataloging agency CaPaEBR
Language of cataloging eng
Description conventions rda
-- pn
Transcribing agency CaPaEBR
035 ## - SYSTEM CONTROL NUMBER
System control number (OCoLC)891384463
050 14 - LIBRARY OF CONGRESS CALL NUMBER
Classification number Z246
Item number .T87 2014eb
082 04 - DEWEY DECIMAL CLASSIFICATION NUMBER
Classification number 686.2/2
Edition number 23
245 00 - TITLE STATEMENT
Title Type on screen :
Remainder of title a guide for designers, developers, writers, and students /
Statement of responsibility, etc Ellen Lupton, editor ; cover design, Noel Cunningham.
264 #1 - PRODUCTION, PUBLICATION, DISTRIBUTION, MANUFACTURE, AND COPYRIGHT NOTICE
Place of production, publication, distribution, manufacture New York, New York :
Name of producer, publisher, distributor, manufacturer Princeton Architectural Press :
-- Maryland Institute College of Art,
Date of production, publication, distribution, manufacture, or copyright notice 2014.
Date of production, publication, distribution, manufacture, or copyright notice �2014
300 ## - PHYSICAL DESCRIPTION
Extent 1 online resource (208 pages) :
Other physical details color illustrations, photographs.
336 ## - CONTENT TYPE
Content type term text
Source rdacontent
337 ## - MEDIA TYPE
Media type term computer
Source rdamedia
338 ## - CARRIER TYPE
Carrier type term online resource
Source rdacarrier
490 1# - SERIES STATEMENT
Series statement Design Briefs : Essential Texts on Design
500 ## - GENERAL NOTE
General note Includes index.
588 ## - SOURCE OF DESCRIPTION NOTE
Source of description note Description based on print version record.
590 ## - LOCAL NOTE (RLIN)
Local note Electronic reproduction. Palo Alto, Calif. : ebrary, 2014. Available via World Wide Web. Access may be limited to ebrary affiliated libraries.
650 #0 - SUBJECT ADDED ENTRY--TOPICAL TERM
Topical term or geographic name as entry element Graphic design (Typography)
Topical term or geographic name as entry element Digital media.
655 #0 - INDEX TERM--GENRE/FORM
Genre/form data or focus term Electronic books.
700 1# - ADDED ENTRY--PERSONAL NAME
Personal name Lupton, Ellen,
Relator term editor.
Personal name Cunningham, Noel,
Relator term cover designer.
776 08 - ADDITIONAL PHYSICAL FORM ENTRY
Display text Print version:
Title Type on screen : a guide for designers, developers, writers, and students.
Place, publisher, and date of publication New York, New York : Princeton Architectural Press : Maryland Institute College of Art, c2014
Physical description 208 pages
Series data for related item Design briefs.
International Standard Book Number 9781616891701
Record control number 2013036784
797 2# - LOCAL ADDED ENTRY--CORPORATE NAME (RLIN)
Corporate name or jurisdiction name as entry element ebrary.
830 #0 - SERIES ADDED ENTRY--UNIFORM TITLE
Uniform title Design briefs.
856 40 - ELECTRONIC LOCATION AND ACCESS
Uniform Resource Identifier <a href="http://site.ebrary.com/lib/rucke/Doc?id=10925409">http://site.ebrary.com/lib/rucke/Doc?id=10925409</a>
Public note An electronic book accessible through the World Wide Web; click to view

No items available.

© 2026 Rongo University
Contact us: librarian | system librarian | Rongo university